[Event "Politiken Cup 28th"]
[Site "Copenhagen"]
[Date "2006.07.25"]
[Round "4"]
[White "Pettersen, Joar Gullestad"]
[Black "Nielsen, Borge Hjerrild"]
[Result "1-0"]
[WhiteElo "1987"]
[BlackElo "2119"]
[PlyCount "55"]
[EventDate "2006.07.22"]
[EventType "swiss"]
[EventRounds "9"]
[EventCountry "DEN"]
[SourceTitle "CBM 113 Extra"]
[Source "ChessBase"]
[SourceDate "2006.09.14"]
[SourceVersion "1"]
[SourceVersionDate "2006.09.14"]
[SourceQuality "1"]

1. e4 c6 2. d4 d5 3. e5 Bf5 4. Nc3 e6 5. g4 Bg6 6. Nge2 c5 7. Be3 Nc6 8. dxc5 Nxe5 9. Nf4 d4 10. Bb5+ Ke7 11. Nfd5+ exd5 12. Bxd4 f6 13. Qe2 Be4 14. Bxe5 fxe5 15. f3 Nf6 16. g5 Nh5 17. 0-0-0 Nf4 18. Qe3 Qa5 19. fxe4 d4 20. Rxd4 exd4 21. Qxf4 Kd8 22. Rd1 Bxc5 23. Rxd4+ Bxd4 24. Qd6+ Kc8 25. Bd7+ Kd8 26. Be6+ Ke8 27. Qd7+ Kf8 28. Qf7# 1-0

[Event "Barkhuus Memorial"]
[Site "Vanlose"]
[Date "2005.07.30"]
[Round "4"]
[White "Nohr, Finn"]
[Black "Nielsen, Borge Hjerrild"]
[Result "1/2-1/2"]
[WhiteElo "2028"]
[BlackElo "2031"]
[PlyCount "61"]
[EventDate "2005.07.27"]
[EventType "swiss"]
[EventRounds "7"]
[EventCountry "DEN"]
[SourceTitle "CBM 107 Extra"]
[Source "ChessBase"]
[SourceDate "2005.09.01"]
[SourceVersion "1"]
[SourceVersionDate "2005.09.01"]
[SourceQuality "1"]

1. e4 c6 2. d4 d5 3. e5 Bf5 4. Be3 e6 5. Nd2 Nd7 6. Be2 Qb6 7. Nb3 Ne7 8. f4 Be4 9. Nf3 h5 10. 0-0 Bxf3 11. Bxf3 g6 12. Bf2 Nf5 13. c4 Qd8 14. cxd5 cxd5 15. Rc1 Rc8 16. Qd2 Be7 17. Rxc8 Qxc8 18. Rc1 Qb8 19. Qa5 0-0 20. Qc7 Nb6 21. Na5 Bb4 22. Nxb7 Nc4 23. Qxb8 Rxb8 24. b3 Nxe5 25. fxe5 Rxb7 26. Rc8+ Bf8 27. g4 hxg4 28. Bxg4 Ne7 29. Rd8 Nc6 30. Rc8 Ne7 31. Ra8 1/2-1/2

[Event "Barkhuus Memorial"]
[Site "Vanlose"]
[Date "2005.07.29"]
[Round "3"]
[White "Aabling Thomsen, Jakob"]
[Black "Nielsen, Borge Hjerrild"]
[Result "1-0"]
[WhiteElo "2146"]
[BlackElo "2031"]
[PlyCount "43"]
[EventDate "2005.07.27"]
[EventType "swiss"]
[EventRounds "7"]
[EventCountry "DEN"]
[SourceTitle "CBM 107 Extra"]
[Source "ChessBase"]
[SourceDate "2005.09.01"]
[SourceVersion "1"]
[SourceVersionDate "2005.09.01"]
[SourceQuality "1"]

1. e4 c6 2. d4 d5 3. Nc3 dxe4 4. Nxe4 Nd7 5. Qe2 e6 6. Bf4 Ngf6 7. Nxf6+ Nxf6 8. 0-0-0 Bd6 9. Be5 Qe7 10. Nf3 Bd7 11. g4 Nxg4 12. Rg1 Bxe5 13. dxe5 f5 14. h3 Nh6 15. Qe3 f4 16. Qxf4 0-0-0 17. Qa4 Kb8 18. Qb3 g6 19. Bc4 Nf7 20. Nd4 Nxe5 21. Qg3 Qc5 22. Nf3 1-0

[Event "Barkhuus Memorial"]
[Site "Vanlose"]
[Date "2005.07.27"]
[Round "1"]
[White "Nielsen, Borge Hjerrild"]
[Black "Damm, Kasper Wilken"]
[Result "0-1"]
[WhiteElo "2031"]
[BlackElo "2199"]
[PlyCount "92"]
[EventDate "2005.07.27"]
[EventType "swiss"]
[EventRounds "7"]
[EventCountry "DEN"]
[SourceTitle "CBM 107 Extra"]
[Source "ChessBase"]
[SourceDate "2005.09.01"]
[SourceVersion "1"]
[SourceVersionDate "2005.09.01"]
[SourceQuality "1"]

1. d4 c5 2. d5 g6 3. c4 Bg7 4. Nc3 d6 5. Nf3 Nf6 6. g3 e6 7. Bg2 exd5 8. cxd5 Qa5 9. Qd3 0-0 10. 0-0 Re8 11. Bf4 Bf5 12. Qb5 Qc7 13. a4 a6 14. Qc4 Ne4 15. Rfe1 Nd7 16. Ra3 b5 17. axb5 Nxc3 18. bxc3 axb5 19. Rxa8 bxc4 20. Rxe8+ Nf8 21. Bd2 Bd7 22. Ra8 Qb7 23. Rea1 Qxd5 24. Rb8 h6 25. Ra6 Bg4 26. Rbb6 Bxf3 27. Rxd6 Bxg2 28. Rxd5 Bxd5 29. Rd6 Be6 30. f3 Nd7 31. Kf2 Kf8 32. Ke1 Ke7 33. Ra6 g5 34. Kd1 g4 35. Ke1 gxf3 36. exf3 Ne5 37. Kf2 Bd5 38. Bxh6 Nd3+ 39. Ke3 Bxc3 40. h4 Bd4+ 41. Ke2 Nb4 42. Bg5+ f6 43. Ra7+ Ke6 44. Bc1 c3 45. h5 c4 46. Kd1 Nd3 0-1

[Event "Politiken Cup 27th"]
[Site "Copenhagen"]
[Date "2005.07.23"]
[Round "9"]
[White "Nielsen, Borge Hjerrild"]
[Black "Looijmans, Karel NH"]
[Result "1/2-1/2"]
[WhiteElo "2095"]
[BlackElo "2191"]
[PlyCount "143"]
[EventDate "2005.07.16"]
[EventType "swiss"]
[EventRounds "10"]
[EventCountry "DEN"]
[SourceTitle "CBM 107 Extra"]
[Source "ChessBase"]
[SourceDate "2005.09.01"]
[SourceVersion "1"]
[SourceVersionDate "2005.09.01"]
[SourceQuality "1"]

1. d4 d5 2. c4 c6 3. cxd5 cxd5 4. Nc3 Nf6 5. Bf4 Nc6 6. e3 e6 7. Nf3 a6 8. Bd3 Be7 9. 0-0 0-0 10. Ne5 Nd7 11. Nxc6 bxc6 12. Qc2 f5 13. Na4 c5 14. dxc5 e5 15. c6 exf4 16. cxd7 Bxd7 17. Nc3 Be6 18. exf4 Qd6 19. Rfe1 Bf6 20. Qd2 g6 21. Bc4 Bf7 22. Bxd5 Kg7 23. Rad1 Rad8 24. Qc2 Qb4 25. Bxf7 Rxf7 26. Rxd8 Bxd8 27. Rd1 Bf6 28. g3 Rc7 29. Rd3 Rb7 30. Nd1 Bxb2 31. Nxb2 Qxb2 32. Qxb2+ Rxb2 33. Ra3 Rb6 34. Kg2 Rc6 35. h3 h5 36. Kf3 Kf7 37. Ke3 Ke7 38. Kd4 Kd6 39. Rb3 Ke6 40. Rb7 Rd6+ 41. Kc5 Rd5+ 42. Kc4 Rd2 43. Rb6+ Kf7 44. Rxa6 Rxf2 45. Ra7+ Kf6 46. Ra6+ Kg7 47. Ra3 h4 48. Kb5 hxg3 49. Rxg3 Rxa2 50. Rf3 Rc2 51. Kb4 Kh6 52. Kb3 Rg2 53. Kc4 Kh5 54. Kd5 Kh4 55. Ke5 Rg3 56. Rf1 Kxh3 57. Kf6 Kg2 58. Ra1 Kf3 59. Ra4 Rg4 60. Ke5 Rg1 61. Kf6 Kg4 62. Kxg6 Rf1 63. Ra5 Rxf4 64. Ra1 Rf2 65. Rg1+ Kf4 66. Kf6 Rf3 67. Ra1 Kg3 68. Kg5 Rf2 69. Ra3+ Kg2 70. Ra4 f4 71. Rxf4 Rxf4 72. Kxf4 1/2-1/2

[Event "Politiken Cup 27th"]
[Site "Copenhagen"]
[Date "2005.07.20"]
[Round "6"]
[White "Pedersen, Christian Kyndel"]
[Black "Nielsen, Borge Hjerrild"]
[Result "1-0"]
[WhiteElo "2364"]
[BlackElo "2095"]
[PlyCount "59"]
[EventDate "2005.07.16"]
[EventType "swiss"]
[EventRounds "10"]
[EventCountry "DEN"]
[SourceTitle "CBM 107 Extra"]
[Source "ChessBase"]
[SourceDate "2005.09.01"]
[SourceVersion "1"]
[SourceVersionDate "2005.09.01"]
[SourceQuality "1"]

1. e4 c6 2. d4 d5 3. Nc3 dxe4 4. Nxe4 Nd7 5. Ng5 Ngf6 6. Bd3 e6 7. N1f3 Bd6 8. Qe2 h6 9. Ne4 Nxe4 10. Qxe4 Qc7 11. 0-0 b6 12. Qg4 Kf8 13. b3 Bb7 14. Bb2 Nf6 15. Qh4 Ke7 16. Ne5 g5 17. Qh3 Raf8 18. f4 Nd5 19. fxg5 hxg5 20. Rxf7+ Rxf7 21. Qxh8 Bxe5 22. dxe5 Qd8 23. Qh6 Qg8 24. Be4 Nf4 25. g3 Nd5 26. Ba3+ Kd7 27. Rd1 Kc8 28. Qxe6+ Kb8 29. Qd6+ Ka8 30. c4 1-0